000 003350000a22001570004500
003 MACL
040 _aMACL
090 _c49797
_d49795
100 _ashivalik
245 _aDictionary of Festivals
260 _aDelhi
_bShivalik Publication
_c2009
350 _a225
650 _aDictionary
942 _cBOOK
_k403
951 _o403 BOOK
999 _c49270
_d49270